Discurso pronunciado el 30 de enero de 1958 para contestar ataques lanzados por el expresidente de la República Don Otilio Ulate

Uloženo v:
Podrobná bibliografie
Hlavní autor: Mora Valverde, Manuel
Médium: Text
Vydáno: San José :
Tagy: Přidat tag
Žádné tagy, Buďte první, kdo vytvoří štítek k tomuto záznamu!

MARC

LEADER 00000 a a2200000 04500
001 17047
003
040
090 |a EXTRAVIADO  
100 |a Mora Valverde, Manuel  
245 |a Discurso pronunciado el 30 de enero de 1958 para contestar ataques lanzados por el expresidente de la República Don Otilio Ulate  
260 |a San José :  
300 |a 18 p.  
999 |c 1826  |d 1826